[Event "Stare Mesto op"]
[Site "Stare Mesto"]
[Date "2011.08.13"]
[Round "3"]
[White "Koutny, Petr"]
[Black "Vymetal, Milan"]
[Result "1-0"]
[WhiteElo "2165"]
[BlackElo "1885"]
[PlyCount "101"]
[EventDate "2011.08.12"]
[EventType "swiss"]
[EventRounds "10"]
[EventCountry "CZE"]
[SourceTitle "CBM 143 Extra"]
[Source "ChessBase"]
[SourceDate "2011.08.29"]
[SourceVersion "1"]
[SourceVersionDate "2011.08.29"]
[SourceQuality "1"]

1. Nc3 d5 2. e4 e6 3. d4 Bb4 4. e5 c5 5. Bd2 Ne7 6. Nb5 Bxd2+ 7. Qxd2 0-0 8. dxc5 Nd7 9. Nf3 Nxc5 10. Bd3 Nxd3+ 11. Qxd3 Nc6 12. 0-0 a6 13. Nbd4 Bd7 14. Rfe1 h6 15. Qe3 Rc8 16. c3 Na5 17. Nd2 Nc4 18. Nxc4 dxc4 19. Rad1 Qe7 20. Rd2 Rfd8 21. Red1 Be8 22. f4 Rd5 23. Nc2 Rxd2 24. Rxd2 Ba4 25. Na3 Rc7 26. Rd4 Bb5 27. Qd2 g6 28. Nc2 Rd7 29. Rxd7 Qxd7 30. Qxd7 Bxd7 31. Kf2 Kg7 32. Ke3 g5 33. g3 Kg6 34. Nd4 h5 35. Nf3 gxf4+ 36. Kxf4 Bc6 37. Nh4+ Kh6 38. g4 hxg4 39. Kxg4 b5 40. a3 Bb7 41. Nf3 Bd5 42. Nd4 Kg6 43. Ne2 Bc6 44. Nf4+ Kg7 45. Kg5 Bf3 46. h4 Bd1 47. h5 Bc2 48. h6+ Kh7 49. Nh5 Bb1 50. Nf6+ Kh8 51. Kf4 1-0

[Event "Stare Mesto op"]
[Site "Stare Mesto"]
[Date "2011.08.12"]
[Round "1"]
[White "Plat, Vojtech"]
[Black "Vymetal, Milan"]
[Result "1-0"]
[WhiteElo "2410"]
[BlackElo "1885"]
[PlyCount "27"]
[EventDate "2011.08.12"]
[EventType "swiss"]
[EventRounds "10"]
[EventCountry "CZE"]
[SourceTitle "CBM 143 Extra"]
[Source "ChessBase"]
[SourceDate "2011.08.29"]
[SourceVersion "1"]
[SourceVersionDate "2011.08.29"]
[SourceQuality "1"]

1. e4 e6 2. g3 b6 3. Bg2 Bb7 4. d3 d5 5. Qe2 Ne7 6. Nf3 g6 7. exd5 Bxd5 8. Nc3 Bb7 9. Qe5 Rg8 10. Bf4 c5 11. Ne4 Nd5 12. Bg5 Qc7 13. Qxc7 Nxc7 14. Nf6+ 1-0

[Event "CZE-chT2E 1011"]
[Site "Czech Republic"]
[Date "2010.12.05"]
[Round "4.8"]
[White "Pistek, Jan"]
[Black "Vymetal, Milan"]
[Result "1-0"]
[WhiteElo "1921"]
[BlackElo "1903"]
[PlyCount "33"]
[EventDate "2010.10.17"]
[EventType "team-tourn"]
[EventRounds "11"]
[EventCountry "CZE"]
[SourceTitle "EXT 2012"]
[Source "ChessBase"]
[SourceDate "2011.11.24"]
[SourceVersion "1"]
[SourceVersionDate "2011.11.24"]
[SourceQuality "1"]
[WhiteTeam "Veseli nad Moravou"]
[BlackTeam "Holesov"]
[WhiteTeamCountry "CZE"]
[BlackTeamCountry "CZE"]

1. e4 e6 2. d4 d5 3. exd5 exd5 4. Nf3 Bg4 5. Bf4 Nc6 6. Bb5 Qe7+ 7. Be3 Qd7 8. Nbd2 Bd6 9. 0-0 Nge7 10. c3 0-0-0 11. b3 Nf5 12. c4 Bb4 13. Qc2 f6 14. h3 Bh5 15. Bxc6 Qxc6 16. Qxf5+ Qd7 17. Qxh5 1-0

[Event "Stare Mesto op"]
[Site "Stare Mesto"]
[Date "2010.08.15"]
[Round "4"]
[White "Foglia, Maurizio"]
[Black "Vymetal, Milan"]
[Result "1-0"]
[WhiteElo "2187"]
[BlackElo "1930"]
[PlyCount "73"]
[EventDate "2010.08.13"]
[EventType "swiss"]
[EventRounds "10"]
[EventCountry "CZE"]
[SourceTitle "CBM 138 Extra"]
[Source "ChessBase"]
[SourceDate "2010.10.29"]
[SourceVersion "1"]
[SourceVersionDate "2010.10.29"]
[SourceQuality "1"]

1. d4 Nf6 2. Nf3 d6 3. Bf4 g6 4. e3 Bg7 5. Be2 0-0 6. h3 Nbd7 7. 0-0 c5 8. c3 a6 9. a4 b6 10. Nbd2 Bb7 11. Qb1 Rc8 12. e4 cxd4 13. cxd4 Nh5 14. Be3 e5 15. Rd1 Qe7 16. dxe5 dxe5 17. Nc4 Rc6 18. Rxd7 Qxd7 19. Nfxe5 Qe7 20. Nxc6 Bxc6 21. Nxb6 Bxe4 22. Qc1 Qb7 23. Bf1 Nf6 24. a5 Nd5 25. Bc5 Rd8 26. Ra4 Bf5 27. Bd4 Nxb6 28. Bxb6 Rc8 29. Rc4 Rxc4 30. Bxc4 Be4 31. f3 Bc6 32. Qd2 h5 33. Qe2 Qa8 34. b3 Bb7 35. Qe7 Kh7 36. Qxf7 Qc8 37. Bd4 1-0

[Event "CZE-chT2E 0809"]
[Site "Czech Republic"]
[Date "2009.04.05"]
[Round "11.6"]
[White "Vymetal, Milan"]
[Black "Svoboda, Karel"]
[Result "0-1"]
[WhiteElo "1983"]
[BlackElo "2031"]
[PlyCount "72"]
[EventDate "2008.10.12"]
[EventType "team-tourn"]
[EventRounds "11"]
[EventCountry "CZE"]
[SourceTitle "EXT 2010"]
[Source "ChessBase"]
[SourceDate "2010.11.25"]
[SourceVersion "1"]
[SourceVersionDate "2010.11.25"]
[SourceQuality "1"]
[WhiteTeam "Holesov"]
[BlackTeam "Brno Lokomotiva II"]
[WhiteTeamCountry "CZE"]
[BlackTeamCountry "CZE"]

1. e4 e5 2. Nf3 Nc6 3. d4 exd4 4. Nxd4 Nf6 5. Nxc6 bxc6 6. e5 Qe7 7. Qe2 Nd5 8. c4 Ba6 9. b3 g6 10. f4 Bg7 11. Qf2 Nb6 12. Ba3 Qe6 13. Nc3 d6 14. c5 Bxf1 15. Kxf1 Nc8 16. exd6 Bxc3 17. Rc1 Ba5 18. b4 Bxb4 19. Bxb4 0-0 20. Qe2 a5 21. Qxe6 fxe6 22. Bd2 cxd6 23. cxd6 Nxd6 24. Rxc6 Ne4 25. Be3 e5 26. g3 Rab8 27. Ke2 Rb2+ 28. Kd3 exf4 29. Bxf4 Nf2+ 30. Kc3 Rxa2 31. Re1 Ra3+ 32. Kb2 Rf3 33. Re7 Nd3+ 34. Kb1 Rf1+ 35. Bc1 Rb8+ 36. Ka2 Nb4+ 0-1

[Event "CZE-chT2E 0809"]
[Site "Czech Republic"]
[Date "2008.12.07"]
[Round "4.7"]
[White "Vymetal, Milan"]
[Black "Stuchly, Radim"]
[Result "1/2-1/2"]
[WhiteElo "1983"]
[BlackElo "2019"]
[PlyCount "47"]
[EventDate "2008.10.12"]
[EventType "team-tourn"]
[EventRounds "11"]
[EventCountry "CZE"]
[SourceTitle "EXT 2010"]
[Source "ChessBase"]
[SourceDate "2010.11.25"]
[SourceVersion "1"]
[SourceVersionDate "2010.11.25"]
[SourceQuality "1"]
[WhiteTeam "Holesov"]
[BlackTeam "Stare Mesto II"]
[WhiteTeamCountry "CZE"]
[BlackTeamCountry "CZE"]

1. e4 c5 2. Nf3 d6 3. d4 cxd4 4. Nxd4 Nf6 5. Nc3 g6 6. f4 Nc6 7. Nxc6 bxc6 8. e5 Nd7 9. exd6 exd6 10. Be3 Be7 11. Qd2 0-0 12. Bd3 d5 13. 0-0 Nf6 14. Bf2 Ng4 15. Na4 Nxf2 16. Qxf2 Qa5 17. b3 Bd7 18. Qf3 Rad8 19. f5 Bf6 20. Rad1 c5 21. fxg6 fxg6 22. Qxd5+ Kh8 23. Qc4 Bxa4 24. Qxa4 1/2-1/2

[Event "Stare Mesto op"]
[Site "Stare Mesto"]
[Date "2008.08.14"]
[Round "8"]
[White "Vymetal, Milan"]
[Black "Dauth, Benjamin"]
[Result "0-1"]
[WhiteElo "1987"]
[BlackElo "2269"]
[PlyCount "66"]
[EventDate "2008.08.08"]
[EventType "swiss"]
[EventRounds "10"]
[EventCountry "CZE"]
[SourceTitle "CBM 125 Extra"]
[Source "ChessBase"]
[SourceDate "2008.09.01"]
[SourceVersion "1"]
[SourceVersionDate "2008.09.01"]
[SourceQuality "1"]

1. e4 e5 2. Nf3 Nc6 3. d4 exd4 4. Nxd4 Qh4 5. Nb5 Bb4+ 6. Bd2 Bc5 7. Qf3 Nd4 8. Nxd4 Bxd4 9. Bc4 Nf6 10. Bc3 Bxc3+ 11. Nxc3 0-0 12. 0-0-0 d6 13. h3 Rb8 14. Qe3 a6 15. Be2 Nd7 16. f4 b5 17. Bg4 Nb6 18. Bxc8 Rfxc8 19. b3 b4 20. Nd5 a5 21. g3 Nxd5 22. Rxd5 Qf6 23. e5 dxe5 24. Qxe5 Qc6 25. Rhd1 Re8 26. Qd4 a4 27. Rc5 Qa6 28. Rg5 g6 29. Kb1 axb3 30. cxb3 Ra8 31. Qb2 Re2 32. Rd2 Re1+ 33. Kc2 Qc6+ 0-1

[Event "Stare Mesto op"]
[Site "Stare Mesto"]
[Date "2007.08.16"]
[Round "8"]
[White "Vymetal, Milan"]
[Black "Sudrich, Radek"]
[Result "0-1"]
[WhiteElo "2005"]
[BlackElo "2147"]
[PlyCount "94"]
[EventDate "2007.08.10"]
[EventType "swiss"]
[EventRounds "10"]
[EventCountry "CZE"]
[SourceTitle "CBM 119 Extra"]
[Source "ChessBase"]
[SourceDate "2007.09.04"]
[SourceVersion "1"]
[SourceVersionDate "2007.09.04"]
[SourceQuality "1"]

1. e4 e5 2. Nf3 Nf6 3. Nc3 Nc6 4. Bb5 Bb4 5. 0-0 d6 6. Nd5 Ba5 7. d3 a6 8. Bc4 Nxd5 9. Bxd5 Bg4 10. c3 0-0 11. h3 Bh5 12. g4 Bg6 13. Bg5 Qd7 14. Nh4 Kh8 15. f4 h6 16. Nxg6+ fxg6 17. Bh4 exf4 18. d4 Rab8 19. Qf3 g5 20. Be1 Ne7 21. Bb3 c5 22. Bf2 cxd4 23. cxd4 Rbc8 24. Qd3 Qb5 25. Qxb5 axb5 26. Rfd1 Bb6 27. Rd3 Nc6 28. a3 Na5 29. Bd5 Rc2 30. b4 Nc6 31. Kg2 Bxd4 32. Rf1 Be5 33. Kf3 Rc8 34. Bb3 Rc3 35. Rxc3 Bxc3 36. Rd1 Be5 37. Be6 Rc7 38. Bb6 Re7 39. Bd5 g6 40. Bf2 Kg7 41. Bb3 Rc7 42. Bb6 Rc8 43. Rd3 Kf6 44. Bd5 Ke7 45. Bf2 Ra8 46. Bb6 Bb2 47. Ba5 Ne5+ 0-1

[Event "CZE-chT2e 0607"]
[Site "Czech Republic"]
[Date "2007.03.11"]
[Round "9.8"]
[White "Fuchs, Ludek"]
[Black "Vymetal, Milan"]
[Result "0-1"]
[WhiteElo "2098"]
[BlackElo "2038"]
[PlyCount "98"]
[EventDate "2006.10.15"]
[EventType "team"]
[EventRounds "11"]
[EventCountry "CZE"]
[SourceTitle "EXT 2009"]
[Source "ChessBase"]
[SourceDate "2008.11.26"]
[SourceVersion "1"]
[SourceVersionDate "2008.11.26"]
[SourceQuality "1"]

1. d4 Nf6 2. c4 g6 3. Nc3 Bg7 4. e4 d6 5. f3 0-0 6. Be3 e5 7. Nge2 c6 8. Qd2 Nbd7 9. g4 h5 10. gxh5 Nxh5 11. 0-0-0 Qa5 12. Ng3 Ndf6 13. Kb1 a6 14. d5 c5 15. Nxh5 Nxh5 16. Ne2 Qxd2 17. Rxd2 Bd7 18. Ng3 Nxg3 19. hxg3 f5 20. Bd3 f4 21. gxf4 exf4 22. Bg1 Kf7 23. Rdh2 Rh8 24. a3 a5 25. Kc2 Rxh2+ 26. Rxh2 Rh8 27. Rxh8 Bxh8 28. Bf2 g5 29. Be2 Kg6 30. Be1 b6 31. b4 axb4 32. axb4 Bd4 33. bxc5 bxc5 34. Bc3 Bxc3 35. Kxc3 Bh3 36. Kd3 Kf6 37. Kd2 Ke5 38. Kd3 Bg2 39. Kc3 g4 40. fxg4 f3 41. Bd3 f2 42. g5 Bxe4 43. Bf1 Kf4 44. Kd2 Kf3 45. Bh3 Bg6 46. Bf1 Bf5 47. Kd1 Ke3 48. Bg2 Bd3 49. Bh3 Bxc4 0-1

[Event "CZE-chT2e 0607"]
[Site "Czech Republic"]
[Date "2007.02.25"]
[Round "8.8"]
[White "Vymetal, Milan"]
[Black "Kocian, Miroslav"]
[Result "1/2-1/2"]
[WhiteElo "2038"]
[BlackElo "2008"]
[PlyCount "93"]
[EventDate "2006.10.15"]
[EventType "team"]
[EventRounds "11"]
[EventCountry "CZE"]
[SourceTitle "EXT 2009"]
[Source "ChessBase"]
[SourceDate "2008.11.26"]
[SourceVersion "1"]
[SourceVersionDate "2008.11.26"]
[SourceQuality "1"]

1. e4 d6 2. d4 Nf6 3. Nc3 g6 4. f4 Bg7 5. Nf3 c5 6. dxc5 Qa5 7. Bd3 Qxc5 8. Qe2 Nc6 9. Be3 Qa5 10. 0-0 a6 11. a3 h5 12. h3 h4 13. Qf2 Qh5 14. Ng5 0-0 15. Nf3 b5 16. Qxh4 Qxh4 17. Nxh4 Nd7 18. Bd2 Nc5 19. Rab1 Nxd3 20. cxd3 Rb8 21. Ne2 b4 22. Rfc1 Nd4 23. Nxd4 Bxd4+ 24. Kh2 a5 25. axb4 axb4 26. Nf3 Bg7 27. b3 Ba6 28. Ne1 Rb7 29. Rc6 Bb5 30. Rc2 Ba6 31. Ra2 Ra8 32. Rc1 Rb6 33. Be3 Rbb8 34. Rcc2 Bc3 35. Bd2 Bxd2 36. Rxd2 Bb5 37. d4 Rc8 38. Rxa8 Rxa8 39. Nf3 Ra1 40. Rc2 Bd3 41. Rc8+ Kg7 42. Rb8 Bxe4 43. Rxb4 Ra2 44. Kg3 Rb2 45. Rb8 Bd5 46. b4 Rb3 47. Kf2 1/2-1/2

[Event "CZE-chT2e 0607"]
[Site "Czech Republic"]
[Date "2006.11.05"]
[Round "2.8"]
[White "Vymetal, Milan"]
[Black "Balazec, Ludovit"]
[Result "0-1"]
[WhiteElo "2038"]
[BlackElo "2046"]
[PlyCount "128"]
[EventDate "2006.10.15"]
[EventType "team"]
[EventRounds "11"]
[EventCountry "CZE"]
[SourceTitle "EXT 2009"]
[Source "ChessBase"]
[SourceDate "2008.11.26"]
[SourceVersion "1"]
[SourceVersionDate "2008.11.26"]
[SourceQuality "1"]

1. e4 c5 2. Nf3 d6 3. d4 cxd4 4. Nxd4 Nf6 5. Nc3 a6 6. Be3 Ng4 7. Bc1 Nf6 8. Bc4 Nbd7 9. 0-0 b5 10. Bb3 Nc5 11. f3 e6 12. Be3 Bb7 13. a3 Nxb3 14. Nxb3 Qc7 15. Qd2 Be7 16. Qf2 Nd7 17. Bd4 Bf6 18. Bxf6 Nxf6 19. Rfd1 0-0 20. Rd2 Rac8 21. Nd4 d5 22. exd5 Nxd5 23. Nxd5 Bxd5 24. c3 g6 25. a4 Qa5 26. Qe1 b4 27. cxb4 Qxb4 28. Ne2 Bb3 29. Nc3 Rfd8 30. Rxd8+ Rxd8 31. h3 Bc2 32. Qc1 Qd4+ 33. Kh1 Qf2 34. Qg1 Qg3 35. Qh2 Qxh2+ 36. Kxh2 Rb8 37. Ra2 Rb4 38. a5 Bd3 39. Na4 Bb5 40. Nc3 Bc6 41. Kg3 e5 42. Kf2 f5 43. Ke3 Kf7 44. Kd3 Bd7 45. Nd1 Rd4+ 46. Kc2 Ba4+ 47. b3 Bxb3+ 48. Kxb3 Rxd1 49. Rc2 Ke6 50. Rc7 Rd7 51. Rc6+ Rd6 52. Rc7 h5 53. Rg7 Kd5 54. Re7 Kd4 55. Kc2 e4 56. fxe4 fxe4 57. Kd2 g5 58. g4 hxg4 59. hxg4 Rd5 60. Rb7 Rxa5 61. Rb4+ Ke5 62. Ke3 Ra3+ 63. Ke2 Kf4 64. Rb8 Ra2+ 0-1

[Event "Stare Mesto op"]
[Site "Stare Mesto"]
[Date "2006.08.14"]
[Round "5"]
[White "Lys, Josef"]
[Black "Vymetal, Milan"]
[Result "1-0"]
[WhiteElo "2230"]
[BlackElo "2050"]
[PlyCount "77"]
[EventDate "2006.08.11"]
[EventType "swiss"]
[EventRounds "10"]
[EventCountry "CZE"]
[SourceTitle "CBM 113 Extra"]
[Source "ChessBase"]
[SourceDate "2006.09.14"]
[SourceVersion "1"]
[SourceVersionDate "2006.09.14"]
[SourceQuality "1"]

1. d4 Nf6 2. Bg5 g6 3. c4 Bg7 4. Nc3 d6 5. e3 0-0 6. h3 Nbd7 7. Nf3 e5 8. Be2 c6 9. 0-0 Qc7 10. Qc2 Re8 11. Rac1 exd4 12. exd4 d5 13. cxd5 cxd5 14. Nb5 Qxc2 15. Rxc2 Re7 16. Nd6 Nb6 17. Ne5 Be6 18. f4 Rd8 19. f5 Rxd6 20. fxe6 Rdxe6 21. Bd3 h6 22. Bh4 g5 23. Bg3 Nh5 24. Bh2 Rf6 25. Bf5 Nf4 26. Bg4 Ne6 27. Rd1 Rc7 28. Rxc7 Nxc7 29. b3 Ne6 30. a4 Bf8 31. a5 Nc8 32. Nd7 Rg6 33. Bf5 Rg7 34. Be5 Nd6 35. Nf6+ Kh8 36. Bxe6 fxe6 37. Nh5 Kg8 38. Nxg7 Bxg7 39. Bxd6 1-0

[Event "CZE-chT2e 0506"]
[Site "Czech Republic"]
[Date "2006.01.15"]
[Round "6.6"]
[White "Vymetal, Milan"]
[Black "Nejezchleba, Josef"]
[Result "1/2-1/2"]
[WhiteElo "2047"]
[BlackElo "2074"]
[PlyCount "113"]
[EventDate "2005.10.16"]
[EventType "team"]
[EventRounds "11"]
[EventCountry "CZE"]
[SourceTitle "EXT 2008"]
[Source "ChessBase"]
[SourceDate "2007.11.25"]
[SourceVersion "1"]
[SourceVersionDate "2007.11.25"]
[SourceQuality "1"]

1. e4 Nf6 2. e5 Nd5 3. d4 d6 4. c4 Nb6 5. exd6 cxd6 6. Nc3 g6 7. Bd3 Bg7 8. Nge2 0-0 9. Be3 Nc6 10. 0-0 e5 11. d5 Nb4 12. b3 Nxd3 13. Qxd3 f5 14. f4 e4 15. Qd2 Nd7 16. Bd4 Nf6 17. Rac1 Re8 18. h3 b6 19. a4 Qe7 20. Qe3 h6 21. Nb5 Ba6 22. Rfd1 Bxb5 23. axb5 Nd7 24. Ra1 Nc5 25. Bxg7 Qxg7 26. Nd4 Nd3 27. Ra2 Qf6 28. Rda1 Nxf4 29. Rxa7 Rxa7 30. Rxa7 g5 31. Kh1 Nh5 32. Ne6 f4 33. Qe1 f3 34. Qf2 fxg2+ 35. Kxg2 Nf4+ 36. Kh1 Qf5 37. Nxf4 gxf4 38. Qg1+ Qg5 39. Qxb6 f3 40. Qf2 Rf8 41. b6 e3 42. Qc2 Qf5 43. Qxf5 Rxf5 44. b7 e2 45. b8Q+ Rf8 46. Qb6 f2 47. Rg7+ Kxg7 48. Qd4+ Rf6 49. Qg4+ Kh8 50. Qc8+ Kh7 51. Qd7+ Kg8 52. Qe8+ Kg7 53. Qd7+ Rf7 54. Qg4+ Kh7 55. Qe4+ Kg7 56. Qg4+ Kf8 57. Qc8+ 1/2-1/2

[Event "CZE-chT2e 0506"]
[Site "Czech Republic"]
[Date "2005.11.06"]
[Round "2.7"]
[White "Hora, Vratislav"]
[Black "Vymetal, Milan"]
[Result "1/2-1/2"]
[WhiteElo "2085"]
[BlackElo "2047"]
[PlyCount "44"]
[EventDate "2005.10.16"]
[EventType "team"]
[EventRounds "11"]
[EventCountry "CZE"]
[SourceTitle "EXT 2008"]
[Source "ChessBase"]
[SourceDate "2007.11.25"]
[SourceVersion "1"]
[SourceVersionDate "2007.11.25"]
[SourceQuality "1"]

1. e4 e6 2. d4 d5 3. Nd2 Nf6 4. e5 Nfd7 5. Bd3 c5 6. c3 Nc6 7. Ne2 Qb6 8. Nf3 cxd4 9. cxd4 f6 10. exf6 Nxf6 11. 0-0 Bd6 12. a3 Bd7 13. b4 e5 14. dxe5 Nxe5 15. Nxe5 Bxe5 16. Rb1 0-0 17. h3 Rac8 18. Be3 Qc7 19. Rc1 Qb8 20. Rxc8 Qxc8 21. Bf4 Bxf4 22. Nxf4 Bf5 1/2-1/2

[Event "Tatry op"]
[Site "Tatranske Zruby"]
[Date "2004.09.29"]
[Round "6"]
[White "Taborsky, Rostislav"]
[Black "Vymetal, Milan"]
[Result "1-0"]
[WhiteElo "2278"]
[BlackElo "2107"]
[PlyCount "86"]
[EventDate "2004.09.25"]
[EventType "swiss"]
[EventRounds "9"]
[EventCountry "SVK"]
[SourceTitle "CBM 102 Extra"]
[Source "ChessBase"]
[SourceDate "2004.11.03"]
[SourceVersion "1"]
[SourceVersionDate "2004.11.03"]
[SourceQuality "1"]

1. d4 Nf6 2. c4 g6 3. Nc3 Bg7 4. e4 d6 5. Be2 0-0 6. Bg5 h6 7. Be3 e5 8. d5 c6 9. Qd2 cxd5 10. cxd5 Kh7 11. h4 Ng4 12. Bxg4 Bxg4 13. f3 Bd7 14. h5 g5 15. g4 b5 16. a3 a5 17. Qe2 Qe8 18. Nh3 Na6 19. 0-0 Rc8 20. Rfc1 Nc5 21. Qd1 a4 22. Bxc5 dxc5 23. Nf2 f6 24. Nh1 Rf7 25. Ng3 b4 26. Nb1 Bb5 27. Nd2 bxa3 28. Rxa3 c4 29. Nb1 Bf8 30. Ra1 Bc5+ 31. Kg2 Be3 32. Rc2 a3 33. Nxa3 Ba4 34. Nf5 Bxc2 35. Qxc2 Bc5 36. Nxc4 Rfc7 37. Ra6 Bb6 38. Nfd6 Rxc4 39. Qxc4 Rxc4 40. Nxe8 Rc2+ 41. Kf1 Rxb2 42. Nxf6+ Kh8 43. Nd7 Bd4 1-0

[Event "Rail 4 countries 19th"]
[Site "Eindhoven"]
[Date "2002.06.07"]
[Round "1.7"]
[White "Dam, Andre"]
[Black "Vymetal, Milan"]
[Result "1/2-1/2"]
[WhiteElo "1745"]
[BlackElo "1855"]
[PlyCount "81"]
[EventDate "2002.06.07"]
[EventType "team-tourn"]
[EventRounds "3"]
[EventCountry "NED"]
[SourceTitle "EXT 2004"]
[Source "ChessBase"]
[SourceDate "2003.11.25"]
[SourceVersion "1"]
[SourceVersionDate "2003.11.25"]
[SourceQuality "1"]

1. d4 Nf6 2. c4 g6 3. Nc3 Bg7 4. e3 d6 5. Bd3 e5 6. d5 0-0 7. Nge2 Nbd7 8. e4 Ne8 9. 0-0 Nc5 10. Bb1 a5 11. Be3 f5 12. Bxc5 dxc5 13. a4 Bh6 14. exf5 gxf5 15. Ng3 Ng7 16. Nb5 Ra6 17. Ra3 e4 18. Nh5 Nxh5 19. Qxh5 Bf4 20. d6 cxd6 21. Rh3 Qe7 22. Rd1 Qf7 23. Qh4 Be5 24. b3 Kh8 25. Re3 Rg8 26. f3 Bf6 27. Qf2 Bg5 28. Nxd6 Qg6 29. f4 Bxf4 30. Nf7+ Qxf7 31. Qxf4 Rag6 32. Bxe4 Qg7 33. Bd5 Rxg2+ 34. Kf1 Rg1+ 35. Ke2 Rxd1 36. Kxd1 Qa1+ 37. Ke2 Qb2+ 38. Kf1 Qc1+ 39. Ke2 Qd2+ 40. Kf1 Qd1+ 41. Kf2 1/2-1/2

[Event "Schneider Bohemia op-A"]
[Site "Plzen"]
[Date "2000.??.??"]
[Round "?"]
[White "Nosek, Frantisek"]
[Black "Vymetal, Milan"]
[Result "1/2-1/2"]
[WhiteElo "2125"]
[BlackElo "1810"]
[PlyCount "38"]
[EventDate "2000.??.??"]
[EventType "swiss"]
[EventRounds "9"]
[EventCountry "CZE"]
[SourceTitle "EXT 2003"]
[Source "ChessBase"]
[SourceDate "2002.11.25"]
[SourceVersion "1"]
[SourceVersionDate "2002.11.25"]
[SourceQuality "1"]

1. e4 e6 2. d4 d5 3. exd5 exd5 4. Bd3 Bd6 5. Nf3 Nf6 6. Bg5 0-0 7. 0-0 Bg4 8. Nbd2 Nbd7 9. c3 c6 10. Qc2 Qc7 11. Bh4 Bh5 12. Bg3 Bg6 13. Bxg6 hxg6 14. Rfe1 Rfe8 15. Rxe8+ Rxe8 16. Re1 Rxe1+ 17. Nxe1 Nh5 18. Qd3 Nxg3 19. hxg3 Nf6 1/2-1/2

[Event "Moravia-ch"]
[Site "Moravia"]
[Date "1997.??.??"]
[Round "?"]
[White "Hnilicka, Michal"]
[Black "Vymetal, Milan"]
[Result "0-1"]
[WhiteElo "1760"]
[BlackElo "1660"]
[PlyCount "50"]
[EventDate "1997.??.??"]
[EventType "swiss"]
[EventRounds "9"]
[EventCountry "CZE"]
[SourceTitle "EXT 1999"]
[Source "ChessBase"]
[SourceDate "1998.11.16"]
[SourceVersion "1"]
[SourceVersionDate "1998.11.16"]
[SourceQuality "1"]

1. e4 e6 2. d4 d5 3. e5 c5 4. c3 Nc6 5. Nf3 Qb6 6. Be2 cxd4 7. cxd4 Nge7 8. b3 Nf5 9. Bb2 Bb4+ 10. Nc3 Ncxd4 11. 0-0 Bxc3 12. Bxc3 Nxe2+ 13. Qxe2 0-0 14. Rfd1 Bd7 15. Rd3 Rac8 16. Ng5 h6 17. Rh3 Ne7 18. Qh5 Ng6 19. Rf3 d4 20. Ne4 Rxc3 21. Nf6+ gxf6 22. exf6 Rxf3 23. gxf3 Kh7 24. Kh1 e5 25. Rg1 Qxf6 0-1

[Event "Vsetin op"]
[Site "Vsetin"]
[Date "1997.??.??"]
[Round "?"]
[White "Vymetal, Milan"]
[Black "Ruzicka, Jiri"]
[Result "1-0"]
[WhiteElo "1660"]
[BlackElo "1785"]
[PlyCount "39"]
[EventDate "1997.??.??"]
[EventType "swiss"]
[EventRounds "9"]
[EventCountry "CZE"]
[SourceTitle "EXT 1998"]
[Source "ChessBase"]
[SourceDate "1997.11.17"]
[SourceVersion "1"]
[SourceVersionDate "1997.11.17"]
[SourceQuality "1"]

1. e4 c5 2. Nf3 e6 3. d4 cxd4 4. Nxd4 g6 5. Nc3 a6 6. Bc4 Bg7 7. Be3 Ne7 8. Qd2 b5 9. Bb3 Nbc6 10. 0-0-0 Na5 11. Bh6 Nxb3+ 12. axb3 0-0 13. h4 Bb7 14. f3 Qa5 15. Kb1 Rfd8 16. h5 e5 17. Bxg7 Kxg7 18. hxg6 Nxg6 19. Nf5+ Kf8 20. Qd6+ 1-0